Obras completas: edición crítica

Guardado en:
Detalles Bibliográficos
Autor principal: Borges, Jorge Luis (autor)
Formato: Libro
Lenguaje:español
Publicado: Buenos Aires Emecé Editores 2009
Edición:1a. ed
Materias:
Etiquetas: Agregar Etiqueta
Sin Etiquetas, Sea el primero en etiquetar este registro!

MARC

LEADER 00000cam a2200000 a 4500
001 UCE2860
003 CL-VaPUC
008 140731e20090000ag |||||||||||||||||spa|d
020 |a 9789500431934 
082 0 4 |a Ar860.8  |b BOR  |2 21 
100 |a Borges, Jorge Luis  |e autor  |9 322093 
245 1 0 |a Obras completas: edición crítica 
250 |a 1a. ed 
300 |a v 
942 |c BK 
945 |d 20140731 15:45:00  |a dcastane 
260 |a Buenos Aires  |b Emecé Editores  |c 2009 
500 |a v.1: 1923-1949 
500 |a v.3: 1975-1985 
650 0 |a Literatura argentina  |9 320596 
650 0 |a Antología   |9 327336 
650 7 |a POESIA ARGENTINA  |2 CL-VaPUC  |9 268280 
583 |a last modification  |c 20140731 15:45:00  |k Rodrigo Vera 
999 |c 356400  |d 356398 
952 |0 0  |1 0  |3 erd  |4 0  |6 AR_860_800000000000000_BOR_2009  |7 0  |8 R  |9 463717  |a BIBEDU  |b BIBEDU  |c MCIRC  |h v.1  |i 5092078  |l 12  |o Ar860.8 BOR 2009  |p 5092078  |q 2025-05-12  |r 2025-05-09  |s 2025-05-09  |w 2019-11-23  |y BK_R  |z Catalogado en:20140731  |k LIT 
952 |0 0  |1 0  |3 erd  |4 0  |6 AR_860_800000000000000_BOR_2009  |7 0  |8 R  |9 463718  |a BIBEDU  |b BIBEDU  |c MCIRC  |h v.3  |i 5092086  |o Ar860.8 BOR 2009  |p 5092086  |r 2023-01-13  |w 2019-11-23  |y BK_R  |z Catalogado en:20140731  |k LIT 
952 |0 0  |1 0  |3 erd  |4 0  |6 AR_860_800000000000000_BOR_2009  |7 0  |8 R  |9 463719  |a BIBEDU  |b BIBEDU  |c MCIRC  |h v.1  |i 5115779  |l 9  |m 3  |o Ar860.8 BOR 2009  |p 5115779  |r 2023-11-13  |s 2023-10-20  |w 2019-11-23  |y BK_R  |z Catalogado en:20140925  |k LIT